[Event "ISR-ch (Women)"]
[Site "Arad"]
[Date "2022.12.07"]
[Round "3"]
[White "Shvayger, Yuliya"]
[Black "Orian, Noga"]
[Result "1-0"]
[WhiteElo "2350"]
[BlackElo "1949"]
[PlyCount "67"]
[EventDate "2022.12.05"]
[EventType "tourn"]
[EventRounds "9"]
[EventCountry "ISR"]
[SourceTitle "CBM 211 Extra"]
[Source "ChessBase"]
[SourceDate "2023.01.31"]
[SourceVersion "1"]
[SourceVersionDate "2023.01.31"]
[SourceQuality "1"]

1. e4 c5 2. Nf3 d6 3. d4 cxd4 4. Nxd4 Nf6 5. Nc3 a6 6. Bd3 e5 7. Nde2 Be7 8. 0-0 0-0 9. Ng3 Be6 10. Nd5 Bxd5 11. exd5 g6 12. c4 Nbd7 13. f4 b5 14. Kh1 bxc4 15. Bxc4 Nb6 16. Bb3 exf4 17. Bxf4 Rc8 18. Bh6 Re8 19. Qf3 Kh8 20. Be3 Nbd7 21. Bd4 Ne5 22. Qf4 Qc7 23. Rae1 Bd8 24. Ba4 Nxd5 25. Qd2 Qa5 26. Qd1 Re7 27. Bb3 Nb4 28. Ne4 Bc7 29. Bc3 Qb6 30. Qd2 Nbc6 31. Nf6 Kg7 32. Nd5 Qc5 33. Nxe7 Nxe7 34. Rxf7+ 1-0

[Event "EU-ch U16 Girls 30th"]
[Site "Antalya"]
[Date "2022.11.08"]
[Round "3"]
[White "Karacsonyi, Kata"]
[Black "Orian, Noga"]
[Result "1/2-1/2"]
[WhiteElo "2109"]
[BlackElo "1947"]
[PlyCount "55"]
[EventDate "2022.11.06"]
[EventType "swiss"]
[EventRounds "9"]
[EventCountry "TUR"]
[SourceTitle "CBM 211 Extra"]
[Source "ChessBase"]
[SourceDate "2023.01.31"]
[SourceVersion "1"]
[SourceVersionDate "2023.01.31"]
[SourceQuality "1"]

1. e4 c5 2. Nf3 d6 3. d4 cxd4 4. Nxd4 Nf6 5. Nc3 a6 6. Bg5 e6 7. f4 h6 8. Bh4 Qb6 9. a3 Be7 10. Bf2 Qc7 11. Qf3 Nbd7 12. 0-0-0 b5 13. g4 Bb7 14. h4 Nc5 15. Bd3 h5 16. g5 Ng4 17. Rhg1 Rc8 18. Rxg4 hxg4 19. Qxg4 g6 20. f5 e5 21. fxg6 fxg6 22. Ne6 Qd7 23. Bxc5 Rxc5 24. Ng7+ Kd8 25. Ne6+ Ke8 26. Ng7+ Kd8 27. Ne6+ Ke8 28. Ng7+ 1/2-1/2

[Event "EU-Cup (Women) 26th"]
[Site "Mayrhofen"]
[Date "2022.10.08"]
[Round "6.3"]
[White "Heinemann, Josefine"]
[Black "Orian, Noga"]
[Result "1-0"]
[WhiteElo "2318"]
[BlackElo "1940"]
[PlyCount "133"]
[EventDate "2022.10.03"]
[EventType "team-swiss"]
[EventRounds "7"]
[EventCountry "AUT"]
[SourceTitle "CBM 210 Extra"]
[Source "ChessBase"]
[SourceDate "2022.11.30"]
[SourceVersion "1"]
[SourceVersionDate "2022.11.30"]
[SourceQuality "1"]
[WhiteTeam "Baden Erste Bank (W)"]
[BlackTeam "Haifa Nesher (W)"]
[WhiteTeamCountry "AUT"]
[BlackTeamCountry "ISR"]

1. e4 c5 2. Nf3 d6 3. Bb5+ Nd7 4. a4 Ngf6 5. Nc3 a6 6. Be2 b6 7. d4 e6 8. 0-0 Bb7 9. d5 exd5 10. exd5 Be7 11. h3 0-0 12. Bf4 Re8 13. Bc4 Bf8 14. Re1 Rxe1+ 15. Qxe1 Qc7 16. Bh2 Re8 17. Qf1 Qc8 18. Qd3 Qa8 19. Rd1 g6 20. b3 Kg7 21. Kf1 Kg8 22. g4 h6 23. Bg3 Qc8 24. Kg1 Kg7 25. Kh2 Ne5 26. Nxe5 dxe5 27. f3 Bd6 28. Ne4 Nxe4 29. fxe4 g5 30. Rf1 f6 31. Rf5 Rf8 32. Kg2 Qa8 33. Be1 Bc8 34. Rf2 Qb7 35. Bd2 Rh8 36. Qf1 Rf8 37. Rf3 Qa7 38. Be3 a5 39. Kf2 Bd7 40. Bb5 Bxb5 41. Qxb5 Qc7 42. Ke2 Rb8 43. Kd3 Be7 44. Kc4 Qa7 45. Bd2 Rc8 46. Be1 Qc7 47. Qc6 Qxc6 48. dxc6 Rxc6 49. Rd3 Rc7 50. Rd5 Rc8 51. Kb5 Bd8 52. c4 h5 53. Ka6 hxg4 54. hxg4 Be7 55. Rd7 Kf8 56. Kxb6 Rb8+ 57. Rb7 Rd8 58. Bxa5 Rd3 59. Kc6 Rd4 60. Bc7 Rxe4 61. a5 Re1 62. a6 Ra1 63. a7 Kf7 64. Bd8 Ra6+ 65. Kb5 Ra3 66. Rxe7+ Kg6 67. Ba5 1-0

[Event "EU-Cup (Women) 26th"]
[Site "Mayrhofen"]
[Date "2022.10.07"]
[Round "5.3"]
[White "Orian, Noga"]
[Black "Mammadova, Gulnar Marfat Qizi"]
[Result "0-1"]
[WhiteElo "1940"]
[BlackElo "2389"]
[PlyCount "84"]
[EventDate "2022.10.03"]
[EventType "team-swiss"]
[EventRounds "7"]
[EventCountry "AUT"]
[SourceTitle "CBM 210 Extra"]
[Source "ChessBase"]
[SourceDate "2022.11.30"]
[SourceVersion "1"]
[SourceVersionDate "2022.11.30"]
[SourceQuality "1"]
[WhiteTeam "Haifa Nesher (W)"]
[BlackTeam "Odlar Yurdu (W)"]
[WhiteTeamCountry "ISR"]
[BlackTeamCountry "AZE"]

1. d4 g6 2. c4 Bg7 3. Nc3 d6 4. h4 e5 5. d5 h5 6. e4 a5 7. Be2 Na6 8. Be3 Bd7 9. Qd2 Bh6 10. Nf3 Nc5 11. 0-0-0 Qe7 12. Ng5 f6 13. Nh3 Bxe3 14. Qxe3 Nh6 15. f3 f5 16. Ng5 0-0-0 17. Rdf1 Rdf8 18. Nd1 b6 19. Nf2 Nf7 20. Nxf7 Rxf7 21. Nd3 Nxd3+ 22. Bxd3 Rhf8 23. b3 fxe4 24. Bxe4 Bf5 25. g3 Bxe4 26. Qxe4 g5 27. Qe2 gxh4 28. Rxh4 Qg5+ 29. Kb2 Qxg3 30. Qh2 Qxh2+ 31. Rxh2 Rxf3 32. Rxf3 Rxf3 33. Rxh5 Rf2+ 34. Kb1 a4 35. Rh8+ Kb7 36. bxa4 Rf4 37. a5 Rxc4 38. axb6 Kxb6 39. Rh2 Kc5 40. Rd2 e4 41. Kb2 e3 42. Re2 Kd4 0-1

[Event "EU-Cup (Women) 26th"]
[Site "Mayrhofen"]
[Date "2022.10.05"]
[Round "3.4"]
[White "Arutyunova, Diana"]
[Black "Orian, Noga"]
[Result "1/2-1/2"]
[WhiteElo "2175"]
[BlackElo "1940"]
[PlyCount "182"]
[EventDate "2022.10.03"]
[EventType "team-swiss"]
[EventRounds "7"]
[EventCountry "AUT"]
[SourceTitle "CBM 210 Extra"]
[Source "ChessBase"]
[SourceDate "2022.11.30"]
[SourceVersion "1"]
[SourceVersionDate "2022.11.30"]
[SourceQuality "1"]
[WhiteTeam "Blue & Yellow (W)"]
[BlackTeam "Haifa Nesher (W)"]
[WhiteTeamCountry "UKR"]
[BlackTeamCountry "ISR"]

1. e4 c5 2. Nf3 d6 3. d4 cxd4 4. Nxd4 Nf6 5. Nc3 a6 6. h3 e6 7. g4 Nfd7 8. Bg2 Be7 9. Be3 Nc6 10. Qe2 Nxd4 11. Bxd4 0-0 12. a4 Ne5 13. 0-0 Nc6 14. Be3 Bd7 15. f4 Rc8 16. Qf2 Bh4 17. Qd2 Na5 18. Qxd6 Nc4 19. Qd4 Be7 20. Bf2 Nxb2 21. Nd1 Nc4 22. e5 Bc6 23. Re1 Bxg2 24. Kxg2 Qc7 25. Re2 Qc6+ 26. Qe4 Rfd8 27. Qxc6 Rxc6 28. Ne3 Na3 29. Ra2 Kf8 30. Rb2 Rd7 31. Kf3 Ke8 32. Be1 Bc5 33. Rb3 Kd8 34. Bb4 Bxe3 35. Bxa3 Bc5 36. Bb2 Kc7 37. Rd3 Bb4 38. Re4 Ba5 39. Rxd7+ Kxd7 40. c4 Rb6 41. Ba3 Rb1 42. Re3 Bb4 43. Ke4 Kc6 44. f5 Kc5 45. fxe6 fxe6 46. Bxb4+ Rxb4 47. Rf3 Rxc4+ 48. Kd3 Rd4+ 49. Kc3 Rd7 50. Rf4 b5 51. axb5 axb5 52. h4 b4+ 53. Kc2 Kd5 54. Rxb4 Kxe5 55. Kc3 g6 56. Ra4 h6 57. Rb4 Rd1 58. Rb8 Rh1 59. h5 gxh5 60. gxh5 Kf5 61. Rf8+ Ke5 62. Kd3 Rxh5 63. Rf3 Rh2 64. Ke3 h5 65. Rg3 Rh4 66. Rg5+ Kf6 67. Ra5 e5 68. Ra8 Rg4 69. Rf8+ Ke6 70. Re8+ Kd6 71. Rd8+ Ke7 72. Rh8 h4 73. Rh6 Kf7 74. Kf3 Rb4 75. Kg2 Kg7 76. Re6 Rb5 77. Kh3 Kf7 78. Rh6 Rb4 79. Ra6 Rf4 80. Rh6 Ke7 81. Ra6 e4 82. Kg2 e3 83. Ra2 Ke6 84. Re2 Rg4+ 85. Kf3 Rg3+ 86. Kf4 Kf6 87. Rxe3 Rxe3 88. Kxe3 Kg5 89. Kf3 Kf5 90. Kg2 Kg4 91. Kh2 h3 1/2-1/2